<?xml version="1.0" encoding="UTF-8"?><?xml-stylesheet type="text/xsl" href="static/style.xsl"?><OAI-PMH xmlns="http://www.openarchives.org/OAI/2.0/" xmlns:xsi="http://www.w3.org/2001/XMLSchema-instance" xsi:schemaLocation="http://www.openarchives.org/OAI/2.0/ http://www.openarchives.org/OAI/2.0/OAI-PMH.xsd"><responseDate>2026-04-14T05:30:26Z</responseDate><request verb="GetRecord" identifier="oai:www.recercat.cat:2117/327223" metadataPrefix="marc">https://recercat.cat/oai/request</request><GetRecord><record><header><identifier>oai:recercat.cat:2117/327223</identifier><datestamp>2025-07-23T02:27:41Z</datestamp><setSpec>com_2072_1033</setSpec><setSpec>col_2072_452951</setSpec></header><metadata><record xmlns="http://www.loc.gov/MARC21/slim" xmlns:dcterms="http://purl.org/dc/terms/" xmlns:xsi="http://www.w3.org/2001/XMLSchema-instance" xmlns:doc="http://www.lyncode.com/xoai" xsi:schemaLocation="http://www.loc.gov/MARC21/slim http://www.loc.gov/standards/marcxml/schema/MARC21slim.xsd">
   <leader>00925njm 22002777a 4500</leader>
   <datafield ind2=" " ind1=" " tag="042">
      <subfield code="a">dc</subfield>
   </datafield>
   <datafield ind2=" " ind1=" " tag="720">
      <subfield code="a">Rodríguez i Raventós, Carles</subfield>
      <subfield code="e">author</subfield>
   </datafield>
   <datafield ind2=" " ind1=" " tag="260">
      <subfield code="c">2006</subfield>
   </datafield>
   <datafield ind2=" " ind1=" " tag="520">
      <subfield code="a">Els elevats índex d accidentabilitat que presenta el sector de la const rucció, així com la complexitat de les activitats que se desenvolupen en determinats moments del procés const ruct iu, exigeixen una adequada comprensió de les causes que ho provoquen i els mit jans de prevenció i protecció necessaris pel seu cont rol. Però una vegada adquir its aquests coneixements, el següent i important pas és la seva comunicació eficaç als t reballadors mit jançant dos dels canals habituals: la formació i informació.&#xd;
És ben evident que ambdues paraules són ut ilitzades molt sovint i que en molts casos s ut ilitzen com paraules sinònimes, no sent així, i en aquest estudi es tractarà la formació tal i com ha de ser i comparar per una part que s està fent avui dia i quins resultats s obtenen.&#xd;
Les lleis i normat ives vigents en el que el seu objecte és quelcom relacionat amb la prevenció de r iscos laborals aspecte t ractat en el primer capítol d aquest estudiapareix repet it ivament que la formació i informació han de ser suficient i necessària, aquí es t roba uns dels problemes en els plans format ius, que s analitzarà més endavant.</subfield>
   </datafield>
   <datafield tag="653" ind2=" " ind1=" ">
      <subfield code="a">Àrees temàtiques de la UPC::Edificació::Seguretat en la construcció</subfield>
   </datafield>
   <datafield tag="653" ind2=" " ind1=" ">
      <subfield code="a">Industrial safety</subfield>
   </datafield>
   <datafield tag="653" ind2=" " ind1=" ">
      <subfield code="a">Salut en el treball -- Ensenyament universitari</subfield>
   </datafield>
   <datafield tag="653" ind2=" " ind1=" ">
      <subfield code="a">Seguretat en el treball</subfield>
   </datafield>
   <datafield tag="653" ind2=" " ind1=" ">
      <subfield code="a">Construcció -- Formació professional</subfield>
   </datafield>
   <datafield ind2="0" ind1="0" tag="245">
      <subfield code="a">Estudi de camp sobre necessitats formatives al sector de la construcció</subfield>
   </datafield>
</record></metadata></record></GetRecord></OAI-PMH>